Score 0/20 Timer 03:00
0 Plays Today
% Correct
All we want is for them to know
83.3%
And who we are is who we wanna be
75%
Cause all that counts is you and me
75%
Don't get sad, don't be bitter, don't give up or be a quitter
75%
We were always on our own
66.7%
Or embrace the fact of standing out
66.7%
In the middle of storm we're standing tall, oh, standing tall
66.7%
Then the love in our hearts will keep us strong, oh, oh
66.7%
It's me, Jenny B, what you get is what you see
66.7%
And who we are is who we wanna be
66.7%
% Correct
Cause all that counts is you and me
66.7%
But in our hearts we'll never be
66.7%
In the middle of storm we're standing tall, oh, standing tall
66.7%
Then the love in our hearts will keep us strong, oh, oh
66.7%
Always putting up a show
58.3%
If they say so, get in the car, rev it up, and be it a star
58.3%
Give it to 'em, Jess
58.3%
In the middle of storm we're standing tall, oh, standing tall
58.3%
Then the love in our hearts will keep us strong, oh, oh
58.3%
So you better listen carefully
41.7%
Remove Ads.
Support Sporcle.
Get the best of Sporcle when you Go Orange. This ad-free experience offers more features, more stats, and more fun while also helping to support Sporcle. Thank you for becoming a member.

You're not logged in!

Compare scores with friends on all Sporcle quizzes.
OR
Log In

Show Comments

Extras

Top Quizzes Today


Score Distribution

Your Account Isn't Verified!

In order to create a playlist on Sporcle, you need to verify the email address you used during registration. Go to your Sporcle Settings to finish the process.

Report this User

Report this user for behavior that violates our Community Guidelines.

Details: